[Event "Accentus Young Masters 2020"]
[Site "Bad Ragaz"]
[Date "2020.03.04"]
[Round "8.2"]
[White "Donchenko, Alexander"]
[Black "Baenziger, Fabian"]
[Result "0-1"]
[WhiteElo "2650"]
[BlackElo "2415"]
[Annotator "TA"]
[PlyCount "232"]
[EventDate "2020.02.26"]
[EventType "schev"]
[EventCountry "SUI"]
[SourceTitle "playchess.com"]
[Source "ChessBase"]
[SourceQuality "1"]

{[%evp 9,232,0,17,13,23,0,0,-2,6,0,0,0,0,0,0,0,0,0,0,0,0,0,0,-23,-20,-18,-14,-33,0,0,0,0,0,0,0,-12,0,0,-12,-38,0,0,0,0,0,0,0,0,0,0,0,-8,-8,-8,-10,-193,22,22,24,18,22,11,13,13,13,11,8,9,18,21,22,23,24,22,35,35,35,35,35,35,32,33,49,34,47,35,35,0,44,44,44,44,45,38,41,43,43,38,49,38,41,41,36,37,38,36,38,0,35,0,29,30,33,33,33,33,39,18,39,21,22,37,19,22,31,16,19,0,0,0,0,0,0,0,0,0,0,0,0,0,0,0,0,0,0,0,0,0,0,0,0,0,0,0,0,0,0,0,0,0,0,0,0,0,0,0,0,0,0,0,13,0,0,0,13,7,10,0,17,0,0,0,0,0,0,0,0,0,0,0,0,0,0,0,0,0,0,0,0,0,0,0,0,-12842,-12843,-12843,-12843,-12845,-12845,-12850,-12850,-12850,-29971,-12851,-27999,-12851,-29974,-12851,-27999,-12851,-27999,-12851,-27999,-12851,-27999]} 1. Nf3 d5 2. d4 Nf6 3. Bf4 c5 4. e3 Nc6 5. Nbd2 cxd4 6. exd4 {D02: 1 d4 d5 2 Nf3 sidelines, including 2...Nf6 3 g3 and 2...Nf6 3 Bf4.} Bf5 7. Bb5 e6 8. O-O {[#] The position is equal.} Qb6 $146 ({Predecessor:} 8... Be7 9. Ne5 Qb6 10. c4 O-O 11. Bxc6 bxc6 12. c5 Qa6 13. b4 Ne4 14. Nxe4 Bxe4 {1-0 (35) Berkes,F (2688)-Motuz,K (2348) Velky Cetin 2018}) 9. c4 dxc4 10. Qa4 a6 11. Bxc6+ $1 Qxc6 12. Qxc6+ bxc6 13. Nxc4 Nd5 14. Nd6+ Bxd6 15. Bxd6 a5 16. a4 Kd7 17. Bg3 f6 18. Nd2 Ra6 19. Nb3 {Black must now prevent Nc5+.} Rb6 20. Ra3 Bc2 21. Nc5+ Ke7 22. Re1 Kf7 23. Rxe6 Rxb2 {( -> ...Rb1+)} 24. h3 Rb6 25. Re2 Bd1 26. Re1 Bc2 27. Re2 Bd1 28. Re1 Bc2 29. Ra2 Bf5 30. f3 Rb4 31. Rc1 Re8 32. Be1 $2 (32. Kh2 $11) 32... Rxd4 $2 ({Black should try} 32... Rb1 $19 33. Ra1 Rb2) 33. Bxa5 $11 Nf4 {Strongly threatening ...Ne2+.} 34. Kh2 Ra8 35. Bc3 Rc4 36. Bd2 Rxc1 37. Bxc1 Nd3 $132 {[%mdl 2048] Black is fighting back} 38. Be3 Nxc5 39. Bxc5 {[%mdl 4096] Endgame KRB-KRB} Be6 40. Ra1 Bc4 41. a5 Bb5 42. Kg3 Ke6 43. Bb6 Kd5 44. Rd1+ Ke6 45. Rc1 Kd6 46. Kf2 Kd5 47. Rd1+ Ke6 48. Rc1 Kd5 49. h4 Bc4 50. Rd1+ Ke6 $1 51. Rd4 Bb5 52. Re4+ Kd6 53. Rg4 g6 54. Rd4+ Ke6 55. Rb4 Kd5 56. Rb1 Bc4 57. Rd1+ Ke6 $1 58. Rd4 Bb5 59. Rb4 Kd5 60. Rb2 Bc4 61. Rd2+ Ke6 62. Ke3 c5 63. Rd1 h5 64. Rd2 g5 65. Rd1 gxh4 66. Rh1 Kd5 67. Rxh4 Re8+ 68. Kf4 Re5 69. Rh1 Rg5 70. Rd1+ Kc6 71. Rc1 Ba6 72. g3 Bc8 73. Ra1 Rf5+ 74. Ke3 Re5+ 75. Kf2 Ba6 76. Ra2 Bc4 77. Rb2 Rd5 78. Ba7 Bb5 79. Rc2 Bd3 80. Ra2 Bc4 (80... Kb7 $5 81. Bb6 $8 Bb5 $11) 81. Rc2 Bd3 82. Rc3 Ba6 83. Ke3 Re5+ 84. Kf4 Rd5 85. Rb3 {Black should prevent Rb6+.} Bb5 86. Re3 Bd3 {[%csl Gd3][%cal Rd5f5]} 87. Re6+ Rd6 88. Re7 Kb5 89. Rb7+ Kc6 90. Re7 Kb5 91. Rb7+ Kc6 92. Rb6+ Kd5 93. Rb3 Kc6 94. Rc3 c4 95. Ra3 Kb5 96. Bb6 {Threatens to win with a6.} Ka6 97. Bc5 Rd5 98. Bb4 Rf5+ 99. Ke3 Rg5 100. Kf4 Rf5+ 101. Ke3 Rg5 102. Kf2 Re5 103. Ra2 Rb5 104. Bc3 Rb3 105. Bxf6 c3 106. Bg5 $2 {[%mdl 8192]} (106. Bxc3 $11 Rxc3 107. g4) 106... Rb2+ $19 {[%mdl 64] [#] Double Attack} 107. Ke3 Rxa2 108. Kxd3 {KR-KB} Rf2 109. Kxc3 Rxf3+ {[%mdl 64] Double Attack} 110. Kd2 Rxg3 111. Bd8 Rg8 112. Bf6 Rg6 {[#]} (112... Kxa5 $19 113. Ke3 Kb5) 113. Bh4 Rg4 114. Bf6 h4 115. Be5 h3 116. Ke1 Re4+ {Accuracy: White = 95%, Black = 95%.} (116... Kxa5 $19 117. Kf2 Rg2+ 118. Kf3 Rc2 119. Kg4 h2 120. Bxh2 Rxh2 121. Kf4 Kb4 122. Kg3 Re2 123. Kf3 Re8 124. Kf4 Kc4 125. Kf3 Kd4 126. Kf4 Rf8+ 127. Kg5 Ke4 128. Kg6 Ke5 129. Kg7 Rf5 130. Kg6 Ke6 131. Kg7 Rg5+ 132. Kh6 Kf6 133. Kh7 Rh5+ 134. Kg8 Rh6 135. Kf8 Rh8#) 0-1

[Event "Accentus Young Masters 2020"]
[Site "Bad Ragaz"]
[Date "2020.03.04"]
[Round "8.3"]
[White "Diermair, Andreas"]
[Black "Studer, Noel"]
[Result "0-1"]
[WhiteElo "2483"]
[BlackElo "2546"]
[Annotator "TA"]
[PlyCount "114"]
[EventDate "2020.02.26"]
[EventType "schev"]
[EventCountry "SUI"]
[SourceTitle "playchess.com"]
[Source "ChessBase"]
[SourceQuality "1"]

{[%evp 11,114,13,9,0,0,0,0,0,0,0,0,0,0,-4,6,0,4,-8,-4,-4,0,0,5,0,0,0,16,0,18,-102,-104,-93,0,0,0,0,0,0,0,0,160,-14,39,39,39,39,31,33,41,0,0,22,67,57,84,0,0,0,468,0,0,0,0,0,0,-75,-62,-101,295,-437,-442,-462,-463,-463,-445,-466,-461,-469,-462,-460,-460,-453,-443,-427,-430,-427,-418,-417,-390,-830,-819,-865,-839,-876,-856,-1071,-1063,-2175,-2027,-2808,-1152,-1150,-1120,-1102,-1051]} 1. c4 e5 2. Nc3 Nf6 3. Nf3 Nc6 4. e3 Bb4 5. Qc2 Bxc3 6. Qxc3 Qe7 7. d4 {is cutting edge theory. A28: English Opening: Four Knights Variation.} Ne4 8. Qd3 exd4 9. Nxd4 {The position is equal.} O-O 10. Be2 Qb4+ 11. Kf1 Qe7 12. f3 f5 13. Qd1 Nc5 14. Nb5 d6 $36 {[%mdl 2048] Black fights for an advantage.} 15. Kf2 {[#]} a5 $146 (15... Ne5 {is more complex.} 16. Rf1 a6 17. Nc3 Be6 18. b4 Ncd7) ({Predecessor:} 15... Be6 16. Nc3 a5 17. b3 Qf6 18. Bb2 f4 19. e4 Ne5 20. h4 a4 21. Rb1 axb3 22. axb3 {½-½ (56) Vaibhav,S (2597)-Vaishali,R (2313) Douglas 2018}) 16. Re1 Be6 17. Kg1 Rf6 18. Nc3 Rg6 19. Nd5 Qh4 20. Bf1 (20. Rf1 $1 $11 {was the only way to keep the balance.}) 20... Ne5 $1 $17 21. g3 Ncd3 (21... Rxg3+ $6 22. hxg3 Qxg3+ 23. Bg2 $14) (21... Bxd5 $1 $17 22. cxd5 Qh5) 22. Bxd3 $11 Bxd5 23. cxd5 Rxg3+ 24. hxg3 Qxg3+ {[%mdl 64] Double Attack} 25. Kf1 Nxf3 $2 (25... Qh3+ $11 26. Kg1 Qg3+ 27. Kf1 Qh3+ 28. Kg1 Qg3+) 26. Bb5 $2 (26. Bxf5 $16 Qg1+ 27. Ke2 Qg2+ 28. Kd3 Nxe1+ 29. Kc3 (29. Qxe1 Qxd5+ {[%mdl 64] Double Attack} 30. Kc2 Qxf5+ 31. e4 Re8 $15)) 26... Qg1+ ({Black should play} 26... a4 $11 27. Bd2 Qg1+ 28. Ke2 Qg2+ 29. Kd3 Nxe1+ 30. Qxe1 (30. Kc3 Ra5 $15) 30... Qxd5+ {[%mdl 64] Double Attack} 31. Kc2 Qc5+ 32. Bc3 Qxb5) 27. Ke2 $14 Qg2+ 28. Kd3 Nxe1+ 29. Kc3 $1 Nf3 30. Bd7 Qg4 31. b3 Rf8 32. Be6+ Kh8 33. Bb2 (33. Kb2 $16) 33... Rf6 34. Qe2 Rh6 $2 {[%mdl 8192] [#]} (34... Qb4+ $1 $11 {and Black is okay.} 35. Kc2 Rh6) 35. Rf1 $2 ({White has to play} 35. Qb5 $1 $18 {[%cal Rb5e8]} Qb4+ 36. Qxb4 axb4+ 37. Kxb4) 35... Rh2 36. Rf2 $1 ({Wrong is} 36. Qb5 $2 g6 $19) 36... Qb4+ 37. Kc2 $1 Qe4+ 38. Kc1 (38. Kd1 $1 $11 Rxf2 39. Qxf2) 38... Rh1+ $17 39. Rf1 Rh2 $2 {[%mdl 8192] [#]} (39... Rxf1+ $17 {and life is bright.} 40. Qxf1 Qxe3+ 41. Kc2 Qe4+ 42. Kd1 Qb1+ 43. Ke2 Qe4+ 44. Kd1 Qb1+ 45. Bc1 Nd4) 40. Qxh2 $4 {[%mdl 8192]} (40. Bxf5 $1 $18 {was the only winning move.} Qxd5 41. Qd3 Qc6+ 42. Qc3) 40... Qxe3+ $19 ({Inferior is} 40... Nxh2 41. Rxf5 Qh1+ 42. Kc2 $11) 41. Kc2 Nxh2 42. Rxf5 {[%cal Rf5f8]} Qe2+ 43. Kc1 {[%cal Rf5f8]} h5 44. Rf7 Qe3+ 45. Kb1 Qe4+ 46. Kc1 {Black must now prevent Rf8+.} Qh1+ 47. Kc2 {aiming for Rf8+.} Qg2+ 48. Kb1 Qg1+ 49. Kc2 {Strongly threatening Rf8+.} Nf1 ({Not} 49... Qg2+ 50. Kb1 $19) 50. Rf8+ $2 (50. Bxg7+ Qxg7 51. Rxg7 Kxg7 52. Kd3) 50... Kh7 {And now ...Qg2+ would win.Black is clearly winning.} 51. Bf5+ Kh6 {Threatens to win with ...Ne3+.} 52. Bc1+ Ne3+ {[%mdl 64] Double Attack} 53. Kb2 g5 54. Be6 Qh2+ 55. Ka1 Qc2 {[%cal Rc2c1]} 56. Rh8+ Kg6 {[%cal Rc2c1]} 57. Rg8+ Kh7 {Never resign too early! Accuracy: White = 64%, Black = 81%.} 0-1

[Event "Accentus Young Masters 2020"]
[Site "Bad Ragaz"]
[Date "2020.03.04"]
[Round "8.4"]
[White "Brunello, Sabino"]
[Black "Gaehwiler, Gabriel"]
[Result "1/2-1/2"]
[WhiteElo "2528"]
[BlackElo "2407"]
[Annotator "TA"]
[PlyCount "61"]
[EventDate "2020.02.26"]
[EventType "schev"]
[EventCountry "SUI"]
[SourceTitle "playchess.com"]
[Source "ChessBase"]
[SourceQuality "1"]

{[%evp 9,61,0,8,15,18,1,12,0,7,4,20,0,0,-4,-4,-1,22,23,14,18,17,18,18,16,15,15,25,6,5,6,19,7,31,12,7,0,0,0,0,0,0,0,0,0,0,0,0,0,0,0,0,0,0,0]} 1. d4 Nf6 2. c4 e6 3. Nc3 Bb4 4. e3 O-O 5. Bd2 c5 6. a3 {E46: Nimzo-Indian: Rubinstein: 4 e3 0-0 5 Ne2 without early Bd3.} Bxc3 7. Bxc3 Ne4 8. Rc1 Nxc3 (8... b6 {is interesting.} 9. Bd3 Nxc3 10. Rxc3 Bb7 11. Nf3 cxd4 12. exd4 Bxf3 13. Qxf3 Nc6) 9. Rxc3 b6 10. Nf3 Bb7 11. Be2 d6 12. O-O Nd7 {[%cal Bb8d7,Bd7c5,Bc5e4][%mdl 32]} 13. dxc5 Nxc5 14. Nd4 d5 15. cxd5 Bxd5 16. Bf3 Ne4 17. Rc2 Qd7 18. Qc1 Rac8 19. Rd1 Qb7 20. Qb1 b5 (20... g6 {is more complex.} 21. Rdc1 Rfd8 22. h4 Rxc2 23. Qxc2 e5) 21. Rxc8 (21. h3 {feels hotter.} Nf6 22. Rdc1 Bxf3 23. Nxf3 Nd5 24. Nd4) 21... Rxc8 {The position is equal.} 22. Nxb5 Qxb5 23. Bxe4 Bxe4 24. Qxe4 Qxb2 $14 {[%mdl 4096] Endgame KQR-KQR} 25. Qa4 h6 26. h3 Rc1 27. Rxc1 Qxc1+ 28. Kh2 Qc7+ 29. g3 g6 30. h4 Qc5 31. Kg2 {An uneventful encounter. Accuracy: White = 100%, Black = 100%.} 1/2-1/2

[Event "Accentus Young Masters 2020"]
[Site "Bad Ragaz"]
[Date "2020.03.04"]
[Round "8.5"]
[White "Albornoz Cabrera, Carlos Daniel"]
[Black "Stijve, Theo"]
[Result "1/2-1/2"]
[WhiteElo "2566"]
[BlackElo "2249"]
[Annotator "TA"]
[PlyCount "51"]
[EventDate "2020.02.26"]
[EventType "schev"]
[EventCountry "SUI"]
[SourceTitle "playchess.com"]
[Source "ChessBase"]
[SourceQuality "1"]

{[%evp 11,51,28,41,30,22,30,31,24,24,29,39,38,61,46,50,0,32,0,0,8,7,-22,0,0,0,-67,-68,-87,-75,-113,-120,-141,-148,-147,0,-7,0,-137,0,0,0,-154]} 1. e4 c5 2. Nf3 Nc6 3. d4 cxd4 4. Nxd4 Qc7 5. Nc3 e6 6. Be3 a6 7. Qf3 $1 {[%mdl 4] is recently more successful than 7.Qd2. B48: Sicilian: Taimanov: 5 Nc3 Qc7 6 Be3 a6 without Be2.} Bd6 8. O-O-O {[#] aiming for Ncb5!} Be5 $1 9. Qe2 {White is slightly better.} Nge7 {[#]} 10. Qd2 $146 ({Predecessor:} 10. g3 Bxd4 11. Bxd4 Nxd4 12. Rxd4 e5 13. Rd1 b5 14. Bh3 O-O 15. Nd5 Nxd5 16. Rxd5 {1-0 (41) Anand,V (2756)-Svidler,P (2729) Amsterdam 2019}) 10... b5 11. Nf3 Bb7 12. Nxe5 Nxe5 13. Qd4 {Bxb5! is the strong threat.} d5 14. exd5 Nxd5 15. Nxd5 Bxd5 16. Bf4 Rc8 {[%csl Gc8][%cal Rc7c2]} 17. Rd2 f6 18. Bxe5 (18. h4 $11) 18... fxe5 $15 19. Qb4 {[#]} Rf8 $1 (19... Bxa2 20. b3 $16) 20. Qh4 g6 21. Bd3 Rf4 ({Resist} 21... Bxg2 22. Re1 $17) 22. Qg5 Ra4 ({Don't play} 22... Bxa2 $6 23. Re1 $11) ({Better is} 22... e4 $17 23. Be2 Bxa2) 23. Qf6 $11 Rf4 (23... e4 $11 24. Qh8+ Kf7 25. Qxh7+ Kf6 26. Qxc7 Rxc7) 24. Qg5 $17 Ra4 ({Reject} 24... Bxa2 $6 25. Re1 $11) ({Black should play} 24... e4 $17 25. Be2 Bxa2) 25. Qf6 $11 Rf4 $2 ({Black should try} 25... e4 $11 26. Qh8+ Kf7 27. Qxh7+ Kf6 28. Qxc7 Rxc7) 26. Qg5 {Accuracy: White = 83%, Black = 88%.} 1/2-1/2

[Event "Accentus Young Masters 2020"]
[Site "Bad Ragaz"]
[Date "2020.03.05"]
[Round "9.1"]
[White "Colmenares, Aurelio"]
[Black "Donchenko, Alexander"]
[Result "0-1"]
[WhiteElo "2302"]
[BlackElo "2650"]
[Annotator "TA"]
[PlyCount "113"]
[EventDate "2020.02.26"]
[EventType "schev"]
[EventCountry "SUI"]
[SourceTitle "playchess.com"]
[Source "ChessBase"]
[SourceQuality "1"]

{[%evp 13,113,25,37,15,15,0,0,-16,-14,-16,0,-12,-10,-8,5,11,0,12,24,2,-8,0,28,-3,0,0,0,-14,-22,-8,-1,-4,0,-75,-66,-76,35,19,81,84,83,79,89,76,131,121,71,78,91,62,80,80,162,106,144,37,39,37,37,41,60,18,18,21,28,22,37,4,8,8,26,0,8,0,0,0,0,0,0,-36,-28,-35,-31,-26,-29,-33,-33,-33,0,0,0,0,0,0,0,0,-8,-5102,-2518,-29981,-29983,-29984]} 1. e4 c6 2. d4 d5 3. e5 Bf5 4. Nf3 e6 5. Be2 Ne7 6. O-O h6 7. c3 Nd7 8. Be3 {B12: Caro-Kann: Advance Variation.} Bh7 9. Nbd2 Nf5 10. b4 {The position is equal.} a5 11. a3 {[#]} b6 $146 ({Predecessor:} 11... Be7 12. Nb3 b6 13. Bd2 O-O 14. Bd3 Bg6 15. Bc2 Ra7 16. g4 Nh4 17. Nxh4 Bxc2 18. Qxc2 Bxh4 {½-½ (50) Murawski,G (2254)-Urban,K (2465) Poland 2013}) 12. Re1 Nxe3 13. fxe3 g5 14. Nf1 g4 15. N3d2 h5 16. b5 (16. e4 $5) 16... c5 $1 17. c4 Bh6 18. Qb3 a4 $36 {[%mdl 2048] Black has the initiative.} 19. Qc3 O-O 20. cxd5 exd5 21. Bd3 Qg5 22. Bxh7+ Kxh7 23. Rac1 (23. Rad1 $11) 23... Rae8 24. Qc2+ Kg8 (24... Qg6 $17 25. Qxa4 f6) 25. Qxa4 f6 {[#]} (25... Qg6 $11 {remains equal.}) 26. Qb3 $1 $16 {[%cal Rb3d5]} c4 {[#]} 27. Nxc4 $1 {[%mdl 512]} dxc4 28. Qxc4+ Kh8 29. e6 Ne5 30. dxe5 Qxe5 31. Qd3 Rxe6 32. Rc6 Rfe8 (32... f5 $16) 33. Qg6 ({White should try} 33. Ng3 $18) 33... Qg5 {[#]} 34. Qxg5 ({Better is} 34. Qf7 $1 $16 R6e7 35. Qb3 (35. Qxf6+ Qxf6 36. Rxf6 Re6 $16)) 34... Bxg5 $14 35. Rxe6 Rxe6 $16 {[%mdl 4096] Endgame KRB-KRN} 36. Kf2 Re5 37. Rb1 Rc5 38. Ke2 Rc3 39. a4 Ra3 $1 40. Rb4 Kg7 41. Rd4 Kf7 42. Rd6 Rxa4 43. Nd2 Ra3 44. Nc4 Rc3 45. Rc6 {Threatens to win with Nd6+.} Rc2+ 46. Kd3 Rxg2 47. Rxb6 Rxh2 48. Ra6 $1 g3 49. Ra1 g2 50. Rg1 {White wants to play b6.} h4 {And now ...h3 would win.} (50... Bh4 $5 {[%cal Rh4f2]} 51. Ke2 Bg3 $17) 51. b6 {b7 is the strong threat.} h3 {Strongly threatening ...Rh1.} 52. b7 Rh1 53. b8=Q Rxg1 54. Qb7+ Kg6 {aiming for ...Rd1+.} 55. Qc8 $2 {[%mdl 8192]} (55. Ne5+ $11 fxe5 56. Qe4+ Kg7 57. Qb7+ Kh6 58. Qc6+ Kh5 59. Qf3+ Kg6 60. Qe4+ Kh6 61. Qc6+ Kg7 62. Qb7+ Kh6 63. Qc6+) 55... Rd1+ $19 56. Ke4 g1=Q {[%cal Rg1h1]} 57. Qg8+ {Accuracy: White = 68%, Black = 80%.} 0-1

[Event "Accentus Young Masters 2020"]
[Site "Bad Ragaz"]
[Date "2020.03.05"]
[Round "9.2"]
[White "Baenziger, Fabian"]
[Black "Diermair, Andreas"]
[Result "0-1"]
[WhiteElo "2415"]
[BlackElo "2483"]
[Annotator "TA"]
[PlyCount "124"]
[EventDate "2020.02.26"]
[EventType "schev"]
[EventCountry "SUI"]
[SourceTitle "playchess.com"]
[Source "ChessBase"]
[SourceQuality "1"]

{[%evp 17,124,68,101,110,100,97,90,91,86,85,95,100,94,102,109,92,97,105,196,196,170,-43,0,-134,-114,-117,-120,-131,0,0,12,1,0,0,4,10,3,10,8,5,27,11,50,23,56,51,97,26,0,14,35,0,0,0,0,0,0,-14,-13,-30,-8,-8,-8,-70,-62,-241,-243,-572,-575,-571,-555,-552,-547,-638,-536,-633,-534,-563,0,-640,-640,-710,-709,-1036,-966,-1067,-767,-1600,-1600,-1600,-1600,-1600,-1600,-1593,-1593,-1593,-1593,-1586,-1586,-1538,-1534,-1082,-1034,-1433,-965,-917,-855,-6135,-5454]} 1. d4 Nf6 2. c4 c5 3. d5 g6 4. Nc3 Bg7 5. Nf3 O-O 6. e4 d6 7. h3 e6 8. Bd3 Nbd7 9. O-O e5 10. Bg5 {10.a3 injects fresh life into this line. Played by Wesley So in November 2019. E90: King's Indian: Classical: Early deviations and 6 h3.} h6 11. Be3 Nh7 12. Qd2 {[#] White is better.} f5 $146 ({Predecessor:} 12... g5 13. Ne2 Ndf6 14. Ng3 g4 15. hxg4 Nxg4 16. Nh5 Nxe3 17. Qxe3 Ng5 18. Nxg7 Nxf3+ 19. Qxf3 Kxg7 {½-½ (36) Ylla Soro,R (1612)-Hernandez Mediavilla,J (1312) Barcelona 2017}) 13. exf5 gxf5 14. Bxh6 e4 15. Nxe4 fxe4 16. Bxe4 Ndf6 {[#]} 17. Bg6 $1 {[%mdl 1024] White has strong compensation.} a6 (17... Bxh6 $16 {might work better.} 18. Qxh6 Qc7) 18. a4 $18 b6 19. Nh4 $2 (19. Rae1 $18) 19... Ra7 {Threatens to win with ...Ne4!} (19... Ne4 $5 20. Bxe4 Qxh4 {[%mdl 64] Double Attack} 21. Bxg7 Kxg7 $11) 20. Nf5 (20. Rfe1 $11) 20... Ne4 $1 $17 {[%csl LRd2,LRf5]} 21. Qf4 Bxf5 22. Bxf5 {Strongly threatening Bxg7.} Bxh6 (22... Nhg5 $17 23. Be6+ Nxe6 24. Qxe4 Nd4) 23. Qxh6 $11 Qf6 24. Qxf6 Nhxf6 25. Rad1 b5 26. Rfe1 Ng5 27. axb5 axb5 28. cxb5 Nh5 29. Bg4 Nf4 30. h4 (30. b4 $5) 30... Nh7 31. g3 Ng6 32. Bh5 ({Better is} 32. Re6 $16 Rf6 33. b4 cxb4 34. Re4) 32... Ne5 33. f4 Nc4 34. b3 Na3 35. Ra1 $1 {b6 is the strong threat.} Nxb5 36. Rxa7 Nxa7 37. Re7 Nb5 38. Bg4 Nd4 39. Be6+ Kh8 40. Rd7 ({White should try} 40. Kg2 $11) 40... Nf6 $15 41. Rb7 $2 (41. Rc7 $15) 41... Ra8 $19 42. h5 $2 (42. Rf7 Ne4 43. Kg2) 42... Ra2 {aiming for ...Nf3+.} 43. h6 Ne4 44. Bg4 Nxg3 45. Rd7 Ne4 46. Rf7 Ra8 47. Be6 Ra2 48. Bg4 Rb2 {Black is clearly winning.} 49. Re7 Nf6 50. Be6 Rxb3 51. Rf7 Ne4 {And now ...c4 would win.} 52. Rc7 Rb2 {( -> ...Nf3+)} 53. Bg4 {[#]} Nf6 $1 54. Be6 Nf3+ 55. Kf1 Ne4 {[%cal Re4g3]} 56. Rc8+ Kh7 {[%cal Re4g3]} 57. Bf5+ Kxh6 {[%cal Re4g3]} 58. Bxe4 Nd2+ {[%mdl 64] Double Attack} 59. Ke2 Nxe4+ {[%mdl 64] Discovered Attack} 60. Kf3 Nf6 61. Rc6 Rb3+ 62. Kg2 Ne4 {Quite a comeback for Black. Accuracy: White = 53%, Black = 81%.} 0-1

[Event "Accentus Young Masters 2020"]
[Site "Bad Ragaz"]
[Date "2020.03.05"]
[Round "9.3"]
[White "Studer, Noel"]
[Black "Brunello, Sabino"]
[Result "1-0"]
[WhiteElo "2546"]
[BlackElo "2528"]
[Annotator "TA"]
[PlyCount "71"]
[EventDate "2020.02.26"]
[EventType "schev"]
[EventCountry "SUI"]
[SourceTitle "playchess.com"]
[Source "ChessBase"]
[SourceQuality "1"]

{[%evp 11,71,0,0,-10,17,9,10,0,27,0,24,0,41,33,52,64,265,256,254,255,287,232,209,198,198,192,193,194,191,192,191,187,258,256,271,272,265,278,269,286,267,274,259,231,292,292,282,292,12833,12836,12836,12835,12836,12836,12836,12836,29983,29984,29984,29985,29985,29986]} 1. e4 e5 2. Nf3 Nc6 3. d4 exd4 4. Nxd4 Bc5 5. Nb3 Bb6 6. Nc3 Nf6 7. Qe2 {C45: Scotch Game.} O-O 8. Be3 Re8 9. f3 $1 {The position is equal.} d5 {[%cal Rd5e4]} 10. O-O-O $1 d4 11. Kb1 Be6 12. Na4 Bxb3 13. cxb3 {[#]} Nxe4 $146 (13... a6 $14) ({Predecessor:} 13... Qd6 14. Bf2 Rad8 15. Nxb6 axb6 16. Qd2 Nh5 17. Bb5 d3 18. g4 Nf6 19. Bg3 Qc5 20. Bxd3 {1-0 (39) Svane,F (2383)-Minko,D (2073) Bratislava 2019}) 14. fxe4 $18 Rxe4 {[#]} 15. Bg5 $1 {[%mdl 512]} Qd5 (15... Qxg5 16. Qxe4) 16. Qb5 Qe6 17. Qc4 Qg4 18. Bd3 {Black must now prevent h3.} Ne5 19. Qc2 Nxd3 20. Qxd3 Rae8 21. h4 Qxg2 (21... h6 {was necessary.}) 22. Rhg1 Qh2 23. Bf6 g6 24. Nxb6 axb6 25. Bxd4 Qxh4 {Hoping for ...Rd8.} 26. Rh1 Qe7 27. Bc3 ({Resist} 27. Qh3 $6 h5 $16) 27... h5 28. Qd2 {Threatens to win with Qh6.} Kh7 29. Qd5 f5 $2 {[#]} (29... Kh6 30. Qxb7 f5) 30. Rxh5+ $3 {[%mdl 576] Deflection} gxh5 31. Qxf5+ {[%mdl 64] Double Attack} Kh6 32. Bd2+ Kg7 33. Qxh5 {White wants to mate with Rg1+.} Qe6 34. Bc3+ {White mates.} Kf8 35. Qh8+ Ke7 36. Qh7+ {Black did not feel at home in the position after the opening. Accuracy: White = 100%, Black = 52%.} 1-0

[Event "Accentus Young Masters 2020"]
[Site "Bad Ragaz"]
[Date "2020.03.05"]
[Round "9.4"]
[White "Gaehwiler, Gabriel"]
[Black "Albornoz Cabrera, Carlos Daniel"]
[Result "1-0"]
[WhiteElo "2407"]
[BlackElo "2566"]
[Annotator "TA"]
[PlyCount "65"]
[EventDate "2020.02.26"]
[EventType "schev"]
[EventCountry "SUI"]
[SourceTitle "playchess.com"]
[Source "ChessBase"]
[SourceQuality "1"]

{[%evp 12,65,23,0,0,0,1,8,-4,-8,-8,-38,0,0,52,68,66,60,87,0,0,0,73,72,85,99,93,92,112,104,193,207,174,182,223,239,227,226,212,190,289,193,389,458,452,452,448,413,1592,1557,29987,29988,29989,29987,29996,29997]} 1. d4 Nf6 2. c4 e6 3. g3 d5 4. Bg2 Bb4+ 5. Nd2 O-O 6. Ngf3 dxc4 7. Qc2 a5 {E04: Open Catalan: 5 Nf3.} 8. a3 $1 {[%mdl 4] is recently more successful than 8.Qxc4. Played by Wesley So in November 2019.} Bxd2+ 9. Bxd2 b5 {The position is equal.} 10. a4 c6 11. h4 {[#]} Ra6 $146 ({Predecessor:} 11... Na6 12. Ne5 Nb4 13. Bxb4 axb4 14. Nxc6 Qd6 15. Ne7+ Qxe7 16. Bxa8 b3 17. Qc3 Qa7 {½-½ (31) Xu,X (2581)-Wei,Y (2734) Hangzhou 2018}) 12. h5 Nd5 ({Better is} 12... h6 $11) 13. h6 $14 ({But not} 13. axb5 cxb5 14. h6 g6 $15) 13... g6 14. O-O Nb4 15. Bxb4 (15. Qb1 $16) 15... axb4 $11 16. Qd2 Qe7 (16... Qd6 $1 $11 {remains equal.}) 17. Qf4 {White leaves nothing to chance now.} Bb7 18. axb5 $1 cxb5 {[#]} 19. Qe5 $1 {[%csl Gh6][%cal Re5g7][%mdl 512]} f6 20. Qxb5 $40 {[%mdl 128] Black is in trouble.} Rc8 {[#]} (20... c3 $16 {was necessary.}) 21. Nd2 $1 $18 Bxg2 22. Kxg2 Rxa1 23. Rxa1 c3 24. bxc3 bxc3 {[#]} 25. Ne4 $1 Nc6 (25... f5 $142) 26. Qc4 c2 $2 (26... f5 {was called for.}) 27. Qxc2 f5 28. Ra6 Qb7 29. Nc5 $1 {[%csl LRb7,LRe6][%mdl 64] Double Attack} Qb5 {[#]} (29... Nxd4+ $142 30. Nxb7 {[%mdl 64] Discovered Attack} Nxc2) 30. Qa2 $1 Nxd4 31. Rxe6 {[%cal Re6e8] White mates.} Kh8 {[#]} 32. Qd5 $1 {[%mdl 512]} Nc6 {[#]} 33. Qd7 $1 {Accuracy: White = 81%, Black = 40%.} 1-0